00733cam a2200205 a 450000100100000000500170001000800410002704000230006808200200009110000400011124500490015126000720020030000200027265000260029265000280031891000340034604900090038095201230038999900150051200000613720200929151939.0770310s1975 cu f001 p spa  aDO-SdBNPcDLCdDLC aCu861.44bN322d1 aNavarro, Osvaldo,d1946-200991726614aLos días y los hombres /cOsvaldo Navarro. aLa Habana :bArte y Literatura,bInstituto Cubano del Libro,c1975. a74 p. ;c18 cm. 4aPoesía cubana95226 4aLiteratura cubana91483 aCatalogación por copia / LC aBNGR 001052708MOaGRbGRcCTd2009-08-26iLF1l0oCu861.44 N322dp6137-10r2020-06-25w2020-06-25y2ZPréstamo interno c5933d5933